Czy znasz wszystkie stolice Ameryki Południowej? - Statystyki

Ogólne statystyki
  • Ten quiz został rozwiązany 64 razy
  • Średni wynik to 9 z 12
Odpowiedzi na mapie
Odpowiedzi zakodowano w zielono-czerwonej skali na mapie do tego quizu, zgodnie z poniższymi procentami.
 
Statystyki odpowiedzi
Odpowiedź % Poprawnych
Buenos Aires
100%
Brasilia
98%
Bogota
88%
Montevideo
85%
La paz / Sucre
83%
Lima
80%
Santiago
80%
Quito
75%
Caracas
70%
Asuncion
63%
Georgetown
60%
Paramaribo
53%
Nie znaleziono quizów pasujących do podanych kryteriów
Rozkład punktacji
Procent ludzi z każdym wynikiem
Percentyl według liczby udzielonych odpowiedzi
Twoja historia wyników
Nie rozwiązałeś tego quizu